Films Ghibli avec un indice bancal - Statistiques

Statistiques générales
  • Ce quiz a été pris 439 fois
  • Le résultat moyen est 14 sur 17
Statistiques - réponses
Date de sortie Indice Réponse % Correct
1988 Deux sœurs rencontrent un énorme voisin poilu. Mon voisin Totoro
98%
2004 Mamie fait une colloc avec un emo aux problèmes capillaires. Le Château ambulant
95%
1997 Un type avec un bras qui fait floc-floc essaie de réconcilier une fille-louve et une dame fan de déforestation. Princesse Mononoke
95%
1986 Un caillou wifi déclenche une guerre générale entre pirates, robots et un capitaliste néo-colonialiste. Laputa, le Château dans le ciel
93%
2008 Un poisson vole un seau, lèche du jambon et déclenche un tsunami pour un crush de maternelle. Ponyo sur la falaise
93%
1992 Un cochon vole, drague, et fait vroum-vroum au-dessus de la mer. Porco Rosso
93%
2001 Une gamine de 10 ans perd ses parents au buffet à volonté. Conclusion : elle commence un CDI dans un SPA. Le voyage de Chihiro
92%
1989 Une jeune fille passe le balai en ville. Kiki la petite sorcière
91%
2023 Un garçon se prend des bombes, découvre qu'il parle aux oiseaux, et finit par entrer dans une tour pour se battre contre des perruches et du papier. Le Garçon et le Héron
89%
1984 Une princesse écolo fait du parapente au-dessus d’une apocalypse toxique Nausicaä de la vallée du vent
81%
1988 Deux enfants testent les limites du jeûne intermittent dans le Japon de 1945. Le tombeau des lucioles
77%
2011 Deux ados retapent un club moisi, flirtent gentiment, puis se demandent si leur love story n’est pas sponsorisée par un livret de famille. La Colline aux coquelicots
74%
2014 Une ado crush sur sa grand-mère dans un marais Souvenirs de Marnie
72%
2010 Une minimoys de maison fait du parkour dans une cuisine et tombe amoureuse d’un ado en mode « je meurs mais tranquille ». Arrietty : Le Petit Monde des Chapardeurs
65%
1994 Des ratons s'en battent les cou***es de leur forêt Pompoko
62%
2006 Un ado en crise tue son père, voit des dragons, et passe deux heures à chercher le sens de la vie sans trouver de shampooing. Les Contes de Terremer
53%
1995 Une fille lit trop, stalk un ado, et finit par adorer les violons et le bois. Si tu tends l'oreille
47%
Aucun quiz correspondant
Distribution des résultats
% des personnes avec chaque résultat
Percentile par nombre de réponses
Votre historique - résultats
Vous n’avez pas pris ce quiz